| Поле | Инд. | ПП | Название | Значение |
|---|---|---|---|---|
| Тип записи | a | |||
| Библиографический уровень | a | |||
| 001 | Контрольный номер | 8d249f4f3cb74eef8de41f993e12926a | ||
| 005 | Дата корректировки | 20220113094414.1 | ||
| 040 | a | Служба первич. каталог. | НБ ТвГУ | |
| b | Код языка каталог. | rus | ||
| e | Правила каталог. | PSBO | ||
| 041 | 0_ | a | Код языка текста | rus |
| 097 | b | Оператор | Komarova.ES | |
| 098 | b | Факультет | Филологический | |
| c | Кафедра | Журналистики, рекламы и связей с общественностью | ||
| 100 | 1_ | a | Автор | Смелова Марина Валерьевна |
| q | Полное имя | Смелова М. В. | ||
| 245 | 10 | a | Заглавие | Использование эмоциональной системы мотивации в рекламе |
| 260 | a | Место издания | Тверь | |
| b | Издательство | Тверской государственный университет | ||
| 504 | a | Библиография | Библиогр.: с. 62 (2 назв.) | |
| 520 | 0_ | a | Аннотация | В статье рассматривается эмоциональная составляющая системы мотивации, используемой в рекламных коммуникациях, особенности эмоционального воздействия на потребителя. |
| 653 | 0_ | a | Ключевые слова | Потребители |
| a | Ключевые слова | Мотивация | ||
| a | Ключевые слова | Система мотивации | ||
| a | Ключевые слова | Рекламное воздействие | ||
| a | Ключевые слова | Эмоциональная мотивация | ||
| a | Ключевые слова | Трансформационная мотивация в рекламе | ||
| a | Ключевые слова | Труды Тверского государственного университета | ||
| 773 | 18 | w | Контрольный № источника | c727089327994f68971704e6e67dc3f5 |
| t | Название источника | СМИ в онтологическом и культурном пространстве славянского мира. Дни славянской письменности и культуры | ||
| d | Место и дата издания | Тверь : Тверской государственный университет, 2021 | ||
| g | Прочая информация | С. 60-62 | ||
| 901 | t | Тип документа | a | |
| 920 | a | Оператор | Кома | |
| 954 | b | Дата поступления в ОК | 20220113 |